<?xml version="1.0" encoding="UTF-8"?>
<collection xmlns="http://www.loc.gov/MARC21/slim">
 <record>
  <leader>01499nam a2200193Ia 4500</leader>
  <controlfield tag="001">CTU_232988</controlfield>
  <controlfield tag="008">210402s9999    xx            000 0 und d</controlfield>
  <datafield tag="082" ind1=" " ind2=" ">
   <subfield code="a">005.133</subfield>
  </datafield>
  <datafield tag="082" ind1=" " ind2=" ">
   <subfield code="b">R566</subfield>
  </datafield>
  <datafield tag="100" ind1=" " ind2=" ">
   <subfield code="a">Rigaux, Philippe</subfield>
  </datafield>
  <datafield tag="245" ind1=" " ind2="0">
   <subfield code="a">Pratique de MySQL et PHP</subfield>
  </datafield>
  <datafield tag="245" ind1=" " ind2="0">
   <subfield code="c">Philippe Rigaux</subfield>
  </datafield>
  <datafield tag="260" ind1=" " ind2=" ">
   <subfield code="a">Paris</subfield>
  </datafield>
  <datafield tag="260" ind1=" " ind2=" ">
   <subfield code="b">O'Reilly</subfield>
  </datafield>
  <datafield tag="260" ind1=" " ind2=" ">
   <subfield code="c">2003</subfield>
  </datafield>
  <datafield tag="520" ind1=" " ind2=" ">
   <subfield code="a">PHP reste le langage de script le plus apprécié des webmestres professionnels et amateurs. Associé à la base de données MySQL, autre fleuron du Logiciel Libre, il permet de réaliser des sites à la fois robustes et ultraréactifs, aussi bien sous MS-Windows que sous Unix/Linux. Cette deuxième édition, adaptée aux dernières fonctionnalités de PHP 4 et de MySQL, renforce encore les qualités pédagogiques qui ont fait la réputation de l'ouvrage, tout en abordant de nouveaux sujets importants, comme le traitement du XML ou la production de graphiques : Après une introduction consacrée à la Programmation Web, le chapitre sur l'Environnement MySQL/PHP entre dans le vif du sujet en illustrant les interactions entre MySQL et PHP. On y découvre entre autres l'utilitaire mysql, l'interface phpMyAdmin et l'API MySQL de PHP. Techniques de base présente ce qu'il faut connaître pour programmer efficacement en PHP.</subfield>
  </datafield>
  <datafield tag="650" ind1=" " ind2=" ">
   <subfield code="a">PHP (ngôn ngữ chương trình máy tính),PHP (Computer program language)</subfield>
  </datafield>
  <datafield tag="910" ind1=" " ind2=" ">
   <subfield code="b">dqhieu</subfield>
  </datafield>
  <datafield tag="980" ind1=" " ind2=" ">
   <subfield code="a">Trung tâm Học liệu Trường Đại học Cần Thơ</subfield>
  </datafield>
 </record>
</collection>
